000
00220nam a2200097Ia 4500
005
20251222113742.0
008
251222s1900||||xx |||||||||||||| ||spa||
082
_a
DVD0098/D94/2006
245
0
_a
Crimen y castigo:
942
_c
DVD
999
_c
644
_d
644